000 00421nam a2200181Ia 4500
001 12931
005 20260306163016.0
008 260306t2005||||xx |||||||||||||| ||spa||
041 _aESP
082 _aRD 463
_bN89
110 _aEspasa Calpe
245 0 _aDiccionario nuevo Espasa ilustrado
260 _c2005
300 _a1400 páginas :
_c23 cm.
650 _aGEN
654 _aCHU
942 _cDIC
_dJUS
_fJUS
_2ddc
_n
999 _c12931
_d12931